Statistics for Bugs by Three Clues

Click here to take the quiz!

General Stats

  • This quiz has been taken 64 times
  • The average score is 12 of 15

Answer Stats

CluesBug% Correct
Webs, Arachnid, HourglassSpider
98%
Stings, Hive, HoneyBee
91%
100, Many Legs, LongCentipede
89%
Dogs, Bubonic Plague, ScratchFlea
89%
Malaria, Citronella, BitesMosquito
87%
March, Queen, TunnelsAnt
85%
Blood, Lyme Disease, Dry GrassTick
85%
Chrysalis, Wings, PollinatorButterfly
83%
Breathes through skin, composter, lives undergroundEarthworm
83%
Pinch, Sting, ArachnidScorpion
80%
Woman, Spots, AphidsLadybug
78%
Pray, Camouflage, GreenPraying Mantis
74%
Locust, Grass, SwarmGrasshopper
72%
Curls into ball, many legs, composterPill Bug
72%
Fire-Breather, Larvae stage in water, lived with the dinosaursDragonfly
65%

Score Distribution

Percentile by Number Answered

Percent of People with Each Score

Your Score History

You have not taken this quiz